Reverse Dictionary #91 - Statistics

General Stats
  • This quiz has been taken 33 times
  • The average score is 16 of 25
Answer Stats
Definition First
Letter
Word % Correct
The loud rumbling, cracking, or crashing sound caused by expansion of rapidly heated air around a lightning bolt. T thunder
94%
To sample the flavor of something orally. T taste
88%
Young cats, especially before sexual maturity (reached at about seven months). K kittens
84%
Not able to be done or happen. I impossible
81%
1. Light in color.2. (of human skin) Having a pallor. P pale
81%
Having excessive or exclusive regard and concern for one's own well-being (ex. personal profit or pleasure) above that of others and having no consideration for others. S selfish
81%
1. To shut with sudden force so as to produce a shock and noise.2. To strike forcefully with some implement. 3. To strike against suddenly and heavily. S slam
81%
A road, a direction, a (physical or conceptual) path from one place to another. W way
81%
To take (a substance, e.g., food) into the body of an organism, especially (but not necessarily) through the mouth and into the gastrointestinal tract. I ingest
78%
To change place or posture; to go, in any manner, from one place or position to another. M move
78%
Having a practical or beneficial function. U useful
78%
Any sound or information intended to give notice of approaching danger; a warning sound to arouse attention; a warning of danger. A alarm
75%
A substance that is applied as a liquid or paste, and dries into a solid coating that protects or adds colour to an object or surface to which it has been applied. P paint
75%
Walking lamely, as if favouring one leg. L limping
69%
A flat, rigid structure, fixed at right angles to a wall or forming a part of a cabinet, desk, etc., and used to display, store, or support objects. S shelf
59%
1. (slang) Excited.2. (slang, bodybuilding) Having muscles in an engorged state following exercise. P pumped
56%
Having a capacity to do something well, especially an acquired or learned ability. S skillful
56%
A blow that produces a muffled sound; a thud. T thump
56%
A reflection after an act; a later or subsequent thought, action, or expedient. A afterthought
53%
Performing with industrious concentration; hard-working and focused. D diligent
53%
To refuse or (intentionally) fail to follow an order of (somebody). D disobey
50%
To be in the position of authority in a meeting or other gathering. P preside
50%
Behaving in a manner that shows decency and integrity. H honorable
38%
Amazing or worthy of special notice. S spectacular
34%
Of little consequence; small and of little importance; petty, trivial. P picayune
3%
No matching quizzes found
Score Distribution
Percent of People with Each Score
Percentile by Number Answered
Your Score History
You have not taken this quiz